000 00576cam a2200145 4500500
005 20251228053359.0
041 _afre
042 _adc
100 1 0 _aTrochet, Jean-René
_eauthor
245 0 0 _aAlan R. H. Baker, Geography and history. Bridging the divide, Cambridge, Cambridge University Press, 2003, IX-279 p.
260 _c2005.
500 _a18
786 0 _nHistoire & Sociétés Rurales | 24 | 2 | 2005-10-01 | p. 171zh-276zh | 1254-728X
856 4 1 _uhttps://shs.cairn.info/revue-histoire-et-societes-rurales-2005-2-page-171zh?lang=fr&redirect-ssocas=7080
999 _c1585303
_d1585303